000 00686cam a22002533a 4500
001 10754
003 PGUSA
005 20140828083228.0
008 040101s2004||||xxu|||||s|||||000 p eng d
040 _aPGUSA
_beng
042 _adc
050 4 _aPZ
100 1 _aUnknown
245 1 0 _aLittle Sarah
_h[electronic resource] /
_cUnknown
260 _bProject Gutenberg,
_c2004
506 _aPublic domain in the USA.
516 _aElectronic text
653 _aWit and humor, Juvenile
653 _aGrandmothers -- Juvenile poetry
653 _aNonsense verses, American
830 0 _aProject Gutenberg
_v10754
856 4 0 _uhttp://www.gutenberg.org/ebooks/10754
942 _cEB
999 _c240009
_d240009